| 000 | 01228cam a22003134a 4500 | ||
|---|---|---|---|
| 999 |
_c975 _d975 |
||
| 001 | 12010513 | ||
| 003 | OSt | ||
| 005 | 20210623064349.0 | ||
| 008 | 000516s2000 nyu b 000 0 eng | ||
| 010 | _a 00034949 | ||
| 020 | _a0375707190 | ||
| 040 |
_aDLC _cDLC _dDLC |
||
| 042 | _apcc | ||
| 043 | _an-us--- | ||
| 050 | 0 | 0 |
_aHQ796 _b.H74 2000 |
| 082 | 0 | 0 |
_a305.235/0973 _221 |
| 100 | 1 | _aHowe, Neil. | |
| 245 | 1 | 0 |
_aMillennials rising : _bthe next great generation /by Neil Howe and Bill Strauss ; cartoons by R.J. Matson. |
| 260 |
_aNew York : _bVintage Books, _c2000. |
||
| 300 |
_a415 p. : _bill. ; _c22 cm. |
||
| 504 | _aIncludes bibliographical references. | ||
| 650 | 0 |
_aYouth _zUnited States. |
|
| 700 | 1 | _aStrauss, William. | |
| 856 | 4 | 2 |
_3Contributor biographical information _uhttp://www.loc.gov/catdir/bios/random051/00034949.html |
| 856 | 4 | 2 |
_3Publisher description _uhttp://www.loc.gov/catdir/description/random0413/00034949.html |
| 906 |
_a7 _bcbc _corignew _d1 _eocip _f20 _gy-gencatlg |
||
| 942 |
_2lcc _cBK _nJE |
||